000 00760nam a2200217 a 4500
020 _a8122403174 :
040 _cDLC
082 _a630 WIL 1991 A039 Or.
245 0 0 _aRecent advances in agricultural statistics research /
260 _aNew Delhi :
_bWiley Eastern,
_cc1991.
300 _axiv, 473 p. ;
_c25 cm.
500 _aKey note addresses and invited papers presented at three symposia organized by the Indian Agricultural Statistics Research Institute, New Delhi.
650 0 _aAgriculture
650 0 _aAgricultural ecology
650 0 _aAgricultural estimating and reporting
650 0 _aAgricultural surveys
650 0 _aAgriculture
700 1 _aNarain, P.
710 2 _aIndian Agricultural Statistics Research Institute.
942 _cEK
999 _c12008
_d12008